000 01290nam2a22002531 4500
001 RU\NLR\Per\658099
005 20260407215641.0
035 _a(NLR Aleph) 002907179
090 _a3505364
_c3505364
100 _a20100211d2008 |||y0rusy50 ca
101 0 _arus
102 _aRU
105 _ay |||||||||
200 1 _a2008
_eматериалы Международной интернет-конференции, 14-16 октября 2008 года
210 _d2008
_aБ. м.
461 0 _1001RU\NLR\INFOCOMM7\1000023380
_12001#$aЛингвистический семинар$eМежвуз. сб. науч. ст.$fРос. гос. пед. ун-т им. А.И. Герцена, Бир. гос. пед. ин-т$vВып.4
_92605018
_cСПб.
_d1996-
_fРос. гос. пед. ун-т им. А.И. Герцена, Бир. гос. пед. ин-т
_nБирГПИ
_oМежвуз. сб. науч. ст.
_tЛингвистический семинар
_vВып.4
711 1 2 _a"Лингвистический семинар - 2008", международная интернет-конференция
_eУфа
_3RU\NLR\AUTH\8810145706
_9785726
801 1 _aRU
_bInfoComm
_c20040420
801 0 _aRU
_bNLR
_gPSBO
852 _aNLR
_jП34/1486
942 _cISSUE
980 _aNB
980 _aRUSPER